Tổng hợp và biểu hiện gen mã hóa enterocin vòng As-48 của vi khuẩn enterococcus faecalis trong tế bào escherichia coli /
Sparad:
| Huvudupphovsman: | |
|---|---|
| Övriga upphovsmän: | , , , , , |
| Materialtyp: | Artikel |
| Språk: | Vietnamese |
| Ämnen: | |
| Taggar: |
Lägg till en tagg
Inga taggar, Lägg till första taggen!
|
| Thư viện lưu trữ: | Thư viện Trường Đại học Đà Lạt |
|---|
| LEADER | 01134nam a2200349 4500 | ||
|---|---|---|---|
| 001 | DLU110125580 | ||
| 005 | ##20110922 | ||
| 040 | # | # | |a DLU |b vie |
| 041 | # | # | |a vie |
| 044 | # | # | |a vn |
| 100 | # | # | |a Trần Ngọc Tân. |
| 245 | # | # | |a Tổng hợp và biểu hiện gen mã hóa enterocin vòng As-48 của vi khuẩn enterococcus faecalis trong tế bào escherichia coli / |c Trần Ngọc Tân,...[và những người khác] |
| 653 | # | # | |a Biểu hiện |
| 653 | # | # | |a E.coli Er2566 |
| 653 | # | # | |a Enterocin As-48 |
| 653 | # | # | |a Peptide dạng vòng |
| 700 | # | # | |a Đỗ Thị Huyền. |
| 700 | # | # | |a Đinh Thị Thu Hằng. |
| 700 | # | # | |a Lê Văn Trường. |
| 700 | # | # | |a Nguyễn Thanh Nhàn. |
| 700 | # | # | |a Phạm Thùy Linh. |
| 700 | # | # | |a Trương Nam Hải. |
| 773 | # | # | |t Tạp chí Công nghệ Sinh học |g Số 3(6), 2008, tr. 367-373 |
| 920 | # | # | |a Phòng Tạp chí -- Trung tâm Thông tin - Thư viện Trường Đại học Đà Lạt |
| 994 | # | # | |a DLU |
| 900 | # | # | |a True |
| 911 | # | # | |a Nguyễn Thị Linh Chi |
| 925 | # | # | |a G |
| 926 | # | # | |a A |
| 927 | # | # | |a BB |
| 980 | # | # | |a Thư viện Trường Đại học Đà Lạt |